000 01428nam a22002777a 4500
001 EPSA 0314
003 gtcocun
005 20250829201204.0
006 a||||gr|||| 00| 0
007 ta
008 250829b2025 gt ||||| m||| 00| 0 eng d
040 _agtcocun
_bSPA
_cgtcocun
_eRDA
041 _aSPA EPSA 0314
084 _0EPSA 0314
100 _aCarmen Margarita Chavarría Barrientos
_eAutor
245 _aINFORME FINAL DEL EJERCICIO PROFESIONAL SUPERVIDADO, REALIZADO EN TRANSPORTES MONJA BLANCA, S.A. COBÁN, ALTA VERAPAZ
_cCarmen Margarita Chavarría Barrientos
_hImpreso
264 _aCobán, Alta Verapaz:
_bUniversidad de San Carlos de Guatemala, Centro Universitario del Norte, Licenciatura en Administración de Empresas
_c2025
300 _a88 p.:
_bIlustraciones, gráficas.
_c28 cm;
502 _eEPSA 0314
502 _aTesis de grado
_bLicenciatura en Administración de Empresas,
_cUniversidad de San Carlos de Guatemala, Centro Universitario del Norte, Licenciatura en Administración de Empresas
_d2025
_oEPSA 0314
650 _2LEMB
_aCobán, Alta Verapaz
_xAdministración
_xAnálisis de resultados
_xServicio al cliente
_xVentas turísticas
_xLogística
_xPresentaciones laborales
_xTransporte
700 _aLicda. Gloria Isabel Contreras Pop
_eAsesor
856 _uSin archivo digital
_zSin archivo digtial.
942 _2ddc
_cTES
_iEPSA 0314
_kClasificación
_n0
_6EPSA_0314_000000000000000
999 _c1557
_d1557